| 000 | 00865nam a22001457a 4500 | ||
|---|---|---|---|
| 003 | OSt | ||
| 005 | 20150921163730.0 | ||
| 008 | 150921b xxu||||| |||| 00| 0 eng d | ||
| 040 | _cAGR | ||
| 082 | _aAGR SAN 2009 B039 Or.1 | ||
| 100 |
_91040 _aSANN SEL |
||
| 245 | _aComparison of dragon fruit production system of preynup's farm in preynup district,preah sihanouk province and chila's farm in banteay srey district, siem reap province ប្រៀបធៀបប្រព័ន្ធផលិតកម្មដំណាំស្រកានាគកសិដ្ឋានព្រៃនប់ នៅស្រុកព្រៃនប់ ខេត្តព្រះសីហនុ និងកសិដ្ឋានជីឡា នៅស្រុកបន្ទាយស្រី ខេត្តសៀមរាប | ||
| 260 |
_aPhnom penh _bAGR _c2009 |
||
| 942 |
_2ddc _cAGR |
||
| 999 |
_c1003 _d1003 |
||